Sprostredkovanie zamestnania za úhradu

Všeobecné podmienky sprostredkovania zamestnania za úhradu. Žiadosť o udelenie povolenia na sprostredkovanie zamestnania za úhradu. Povolenie na sprostredkovanie zamestnania. Národný úrad práce a jeho kompetencie pri povoľovaní žiadostí na sprostredkovanie zamestnania za úhradu.

Salvato in:
Dettagli Bibliografici
Natura: Capitolo di libro
Lingua:slovacco
Soggetti:
Tags: Aggiungi Tag
Nessun Tag, puoi essere il primo ad aggiungerne!!

MARC

LEADER 00000naa a2200000 4500
001 r033732
005 20230926073052.3
041 0 |a slo 
044 |a SK 
245 1 0 |a Sprostredkovanie zamestnania za úhradu 
520 |a Všeobecné podmienky sprostredkovania zamestnania za úhradu. Žiadosť o udelenie povolenia na sprostredkovanie zamestnania za úhradu. Povolenie na sprostredkovanie zamestnania. Národný úrad práce a jeho kompetencie pri povoľovaní žiadostí na sprostredkovanie zamestnania za úhradu. 
610 2 0 |a sprostredkovanie práce 
610 2 0 |a sprostredkovatelia 
610 2 0 |a osoby fyzické 
610 2 0 |a osoby právnické 
610 2 0 |a Národný úrad práce Bratislava 
610 2 0 |a kompetencie